[Event "Kuwait Blitz op"]
[Site "Kuwait"]
[Date "2023.12.02"]
[Round "6"]
[White "Ameer, Dhafer Abdulameer"]
[Black "Farhan, Marwan Ali"]
[Result "0-1"]
[WhiteElo "1740"]
[BlackElo "1928"]
[PlyCount "58"]
[EventDate "2023.12.01"]
[EventType "swiss (blitz)"]
[EventRounds "9"]
[EventCountry "KUW"]
[SourceTitle "CB50_2023"]
[SourceDate "2023.12.13"]
[SourceVersion "1"]
[SourceVersionDate "2023.12.13"]
[SourceQuality "1"]

1. e4 c5 2. Nf3 e6 3. d4 cxd4 4. Nxd4 Nc6 5. Nc3 Nf6 6. Bg5 Be7 7. f4 h6 8. Bxf6 Bxf6 9. e5 Be7 10. Nxc6 bxc6 11. Ne4 0-0 12. Nd6 f6 13. Bc4 fxe5 14. fxe5 Qa5+ 15. Qd2 Qxe5+ 16. Be2 Bxd6 17. 0-0-0 Bc5 18. Kb1 Rb8 19. b3 Ba3 20. c3 a5 21. Bd3 a4 22. Bc2 axb3 23. axb3 Be7 24. Rhe1 Qa5 25. Qd3 Bf6 26. b4 Qa3 27. Qh7+ Kf7 28. Qg6+ Ke7 29. Qg3 Rxb4+ 0-1

[Event "Asia zt 3.1"]
[Site "Amman"]
[Date "2019.06.26"]
[Round "9"]
[White "Farhan, Marwan Ali"]
[Black "Ahmad, Al Khatib"]
[Result "0-1"]
[WhiteElo "1975"]
[BlackElo "2232"]
[PlyCount "50"]
[EventDate "2019.06.19"]
[EventType "swiss"]
[EventRounds "9"]
[EventCountry "JOR"]
[SourceTitle "CBM 191 Extra"]
[Source "ChessBase"]
[SourceDate "2019.09.30"]
[SourceVersion "1"]
[SourceVersionDate "2019.09.30"]
[SourceQuality "1"]

1. e4 g6 2. Nf3 Bg7 3. d4 d6 4. Be2 e6 5. Nc3 Ne7 6. Qd3 a6 7. h3 Nd7 8. Be3 b5 9. a3 Bb7 10. 0-0 h6 11. Rfe1 0-0 12. Rad1 Kh7 13. Nh2 Rc8 14. f4 c5 15. Bf3 b4 16. axb4 cxb4 17. Na4 Qc7 18. Rd2 Bc6 19. b3 Bb5 20. c4 bxc3 21. Qxc3 Qxc3 22. Nxc3 Rxc3 23. Rb2 Rxe3 24. Rxe3 Bxd4 25. Rbe2 Bxe2 0-1

[Event "Wch Blitz"]
[Site "Riadh"]
[Date "2017.12.30"]
[Round "16"]
[White "Al Hajiri, Bader"]
[Black "Farhan, Marwan Ali"]
[Result "0-1"]
[WhiteElo "2165"]
[BlackElo "1975"]
[PlyCount "89"]
[EventDate "2017.12.29"]
[EventType "swiss (blitz)"]
[EventRounds "21"]
[EventCountry "SAU"]
[SourceTitle "CBM 182 Extra"]
[Source "ChessBase"]
[SourceDate "2018.02.23"]
[SourceVersion "1"]
[SourceVersionDate "2018.02.23"]
[SourceQuality "1"]

1. e4 c5 2. Nf3 e6 3. d4 cxd4 4. Nxd4 Nc6 5. Nc3 a6 6. Be3 Nf6 7. Be2 Bb4 8. 0-0 0-0 9. f3 d5 10. Nxc6 bxc6 11. e5 Nd7 12. f4 c5 13. a3 Ba5 14. Bf2 Bb6 15. Kh1 c4 16. Bd4 Rb8 17. Na4 Bxd4 18. Qxd4 Nb6 19. Nc5 Qc7 20. b4 cxb3 21. cxb3 a5 22. Rac1 Qd8 23. Rc2 Nd7 24. Rfc1 Nxc5 25. Rxc5 Qb6 26. b4 axb4 27. axb4 Bd7 28. b5 Rbc8 29. h3 Rxc5 30. Qxc5 Qb8 31. Qc7 Rd8 32. b6 Kf8 33. Ba6 Ke8 34. Kg1 Ke7 35. Kf2 Ke8 36. Ke3 Qa8 37. b7 Qxa6 38. b8Q Rxb8 39. Qxb8+ Ke7 40. Qb4+ Ke8 41. Rc7 Qa2 42. Qc3 Qa4 43. Kf2 Qxf4+ 44. Kg1 Qe4 45. Qc1 0-1

[Event "Wch Blitz"]
[Site "Riadh"]
[Date "2017.12.29"]
[Round "2"]
[White "Adhiban, Baskaran"]
[Black "Farhan, Marwan Ali"]
[Result "1-0"]
[WhiteElo "2655"]
[BlackElo "1975"]
[PlyCount "59"]
[EventDate "2017.12.29"]
[EventType "swiss (blitz)"]
[EventRounds "21"]
[EventCountry "SAU"]
[SourceTitle "CBM 182 Extra"]
[Source "ChessBase"]
[SourceDate "2018.02.23"]
[SourceVersion "1"]
[SourceVersionDate "2018.02.23"]
[SourceQuality "1"]

1. e4 c5 2. Be2 e6 3. f4 Nc6 4. Nf3 Nf6 5. d3 Be7 6. 0-0 b6 7. Kh1 0-0 8. c3 Bb7 9. Qe1 d6 10. Be3 Ng4 11. Bg1 e5 12. f5 h6 13. Nbd2 Rc8 14. h3 Nf6 15. g4 Nh7 16. h4 f6 17. Bd1 Re8 18. Bb3+ Kh8 19. Be3 Na5 20. Be6 Rb8 21. c4 Nf8 22. Bf7 Nc6 23. Rg1 Nd7 24. g5 Rf8 25. Be6 Nd4 26. gxh6 gxh6 27. Rg6 Nxe6 28. Rxh6+ Kg8 29. fxe6 Re8 30. Qg1+ 1-0

[Event "Wch Blitz"]
[Site "Riadh"]
[Date "2017.12.29"]
[Round "1"]
[White "Farhan, Marwan Ali"]
[Black "Christiansen, Johan Sebastian"]
[Result "0-1"]
[WhiteElo "1975"]
[BlackElo "2495"]
[PlyCount "64"]
[EventDate "2017.12.29"]
[EventType "swiss (blitz)"]
[EventRounds "21"]
[EventCountry "SAU"]
[SourceTitle "CBM 182 Extra"]
[Source "ChessBase"]
[SourceDate "2018.02.23"]
[SourceVersion "1"]
[SourceVersionDate "2018.02.23"]
[SourceQuality "1"]

1. e4 e5 2. Nf3 Nc6 3. d4 exd4 4. Nxd4 Nf6 5. Nxc6 bxc6 6. Bd3 d5 7. exd5 cxd5 8. 0-0 Be7 9. Re1 0-0 10. Nd2 Bg4 11. Be2 Bf5 12. Nf3 c5 13. c3 Rb8 14. Ne5 Qc7 15. Bg5 Qxe5 16. Qc1 Qc7 17. Bf3 h6 18. Bxf6 Bxf6 19. Bxd5 Rfd8 20. Bf3 Be5 21. g3 Bf6 22. Bg2 Bg5 23. f4 Bf6 24. Qe3 Rxb2 25. Rad1 Rbb8 26. c4 Bd4 27. Rxd4 cxd4 28. Qa3 d3 29. Bd5 Qb6+ 30. Kg2 Qb2+ 31. Qxb2 Rxb2+ 32. Kf3 d2 0-1